HEAT ENGINEERING (Record no. 814902)

MARC details
000 -LEADER
fixed length control field 00384pam a2200169a 44500
008 - FIXED-LENGTH DATA ELEMENTS--GENERAL INFORMATION
fixed length control field 230405s1999 xxu||||| |||| 00| 0 eng d
041 ## - LANGUAGE CODE
Language code of text/sound track or separate title ENG
100 ## - MAIN ENTRY--PERSONAL NAME
Personal name VASANDANI V.P
245 ## - TITLE STATEMENT
Title HEAT ENGINEERING
250 ## - EDITION STATEMENT
Edition statement 1999
260 ## - PUBLICATION, DISTRIBUTION, ETC.
Place of publication, distribution, etc. NEW DELHI
Name of publisher, distributor, etc. METROPOLITAN BOOK
Date of publication, distribution, etc. 1999
300 ## - PHYSICAL DESCRIPTION
Extent P.B, MISE PAGE
650 ## - SUBJECT ADDED ENTRY--TOPICAL TERM
Topical term or geographic name entry element MECH
690 ## - LOCAL SUBJECT ADDED ENTRY--TOPICAL TERM (OCLC, RLIN)
Topical term or geographic name as entry element MECH
700 ## - ADDED ENTRY--PERSONAL NAME
Personal name KUMAR D.G
906 ## - LOCAL DATA ELEMENT F, LDF (RLIN)
a 707
Holdings
Withdrawn status Lost status Damaged status Not for loan Collection Home library Current library Date acquired Source of acquisition Cost, normal purchase price Total Checkouts Full call number Barcode Date last seen Price effective from Koha item type
          College of Engineering, Kolhapur College of Engineering, Kolhapur 16/11/2010 MEHTA BOOK SALES KOLHAPUR 160.00   621.402/VAS ECK-UG-2393 16/08/2023 16/08/2023 Book
          College of Engineering, Kolhapur College of Engineering, Kolhapur 16/11/2010 MEHTA BOOK SALES KOLHAPUR 160.00   621.402/VAS ECK-UG-2392 16/08/2023 16/08/2023 Book
          College of Engineering, Kolhapur College of Engineering, Kolhapur 16/11/2010 MEHTA BOOK SALES KOLHAPUR 160.00   621.402/VAS ECK-UG-2391 16/08/2023 16/08/2023 Book
          College of Engineering, Kolhapur College of Engineering, Kolhapur 16/11/2010 MEHTA BOOK SALES KOLHAPUR 160.00   621.402/VAS ECK-UG-2390 16/08/2023 16/08/2023 Book
          College of Engineering, Kolhapur College of Engineering, Kolhapur 16/11/2010 MEHTA BOOK SALES KOLHAPUR 160.00   621.402/VAS ECK-UG-2389 16/08/2023 16/08/2023 Book